00834cam a2200241 i 450000100090000000300050000900500170001400800410003101000170007202000300008904000280011904200080014705000220015508200170017710000210019424501270021530000470034249000390038950400700042865000420049865000270054065000250056717658881CEME20210628201607.0130314s2013 nyua b 001 0 eng  a 2013008807 a9781609182304 (hardcover) aDLCbengcDLCerdadDLC apcc00aHA31.3b.H39 201300a001.4/222231 aHayes, Andrew F.10aIntroduction to mediation, moderation, and conditional process analysis :ba regression-based approach /cAndrew F. Hayes. axvii, 507 pages :billustrations ;c27 cm.0 aMethodology in the social sciences aIncludes bibliographical references (pages 461-483) and indexes. 0aSocial sciencesxStatistical methods. 0aMediation (Statistics) 0aRegression analysis.